|
|
|
|
| LEADER |
01411nam a2200373 a 4500 |
| 001 |
EBC353302 |
| 003 |
MiAaPQ |
| 005 |
20200520144314.0 |
| 006 |
m o d | |
| 007 |
cr cn||||||||| |
| 008 |
071220s2008 njua sb 001 0 eng |
| 010 |
|
|
|z 2007051634
|
| 020 |
|
|
|z 9780470260364 (cloth)
|
| 035 |
|
|
|a (MiAaPQ)EBC353302
|
| 035 |
|
|
|a (Au-PeEL)EBL353302
|
| 035 |
|
|
|a (CaPaEBR)ebr10249054
|
| 035 |
|
|
|a (CaONFJC)MIL175189
|
| 035 |
|
|
|a (OCoLC)611580939
|
| 040 |
|
|
|a MiAaPQ
|c MiAaPQ
|d MiAaPQ
|
| 050 |
|
4 |
|a HF5386
|b .S886 2008
|
| 082 |
0 |
4 |
|a 658.4/09
|2 22
|
| 100 |
1 |
|
|a Stull, Craig.
|
| 245 |
1 |
0 |
|a Tuned in
|h [electronic resource] :
|b uncover the extraordinary opportunities that lead to business breakthroughs /
|c Craig Stull, Phil Myers, and David Meerman Scott.
|
| 260 |
|
|
|a Hoboken, N.J. :
|b J. Wiley & Sons,
|c c2008.
|
| 300 |
|
|
|a xv, 203 p. :
|b ill.
|
| 504 |
|
|
|a Includes bibliographical references (p. 175-182) and index.
|
| 533 |
|
|
|a Electronic reproduction. Ann Arbor, MI : ProQuest, 2015. Available via World Wide Web. Access may be limited to ProQuest affiliated libraries.
|
| 650 |
|
0 |
|a Success in business.
|
| 650 |
|
0 |
|a Creative ability in business.
|
| 655 |
|
4 |
|a Electronic books.
|
| 700 |
1 |
|
|a Myers, Phil.
|
| 700 |
1 |
|
|a Scott, David Meerman.
|
| 710 |
2 |
|
|a ProQuest (Firm)
|
| 856 |
4 |
0 |
|u https://ebookcentral.proquest.com/lib/matrademy/detail.action?docID=353302
|z Click to View
|